Urban water supply management tools / (Record no. 532023)

000 -LEADER
fixed length control field 01285cam a22003254a 4500
001 - CONTROL NUMBER
control field 13343738
003 - CONTROL NUMBER IDENTIFIER
control field NUST
005 - DATE AND TIME OF LATEST TRANSACTION
control field 20191106132550.0
008 - FIXED-LENGTH DATA ELEMENTS--GENERAL INFORMATION
fixed length control field 030915s2004 nyua b 001 0 eng
010 ## - LIBRARY OF CONGRESS CONTROL NUMBER
LC control number 2003065182
020 ## - INTERNATIONAL STANDARD BOOK NUMBER
International Standard Book Number 0071428364
038 ## - RECORD CONTENT LICENSOR
Staff Name MSOHAIL
040 ## - CATALOGING SOURCE
Original cataloging agency DLC
Transcribing agency DLC
Modifying agency DLC
042 ## - AUTHENTICATION CODE
Authentication code pcc
050 00 - LIBRARY OF CONGRESS CALL NUMBER
Classification number TD345
Item number .U7276 2004
082 00 - DEWEY DECIMAL CLASSIFICATION NUMBER
Classification number 363.61061732
Edition number 22
245 00 - TITLE STATEMENT
Title Urban water supply management tools /
Statement of responsibility, etc. Larry W. Mays, editor-in-chief.
260 ## - PUBLICATION, DISTRIBUTION, ETC.
Place of publication, distribution, etc. New York :
Name of publisher, distributor, etc. McGraw-Hill,
Date of publication, distribution, etc. c2004.
300 ## - PHYSICAL DESCRIPTION
Extent 1 v. (various pagings) :
Other physical details ill. ;
Dimensions 25 cm.
490 1# - SERIES STATEMENT
Series statement McGraw-Hill engineering reference
504 ## - BIBLIOGRAPHY, ETC. NOTE
Bibliography, etc. note Includes bibliographical references and index.
650 #0 - SUBJECT ADDED ENTRY--TOPICAL TERM
Topical term or geographic name entry element Municipal water supply
General subdivision Management.
9 (RLIN) 25285
700 1# - ADDED ENTRY--PERSONAL NAME
Personal name Mays, Larry W.
9 (RLIN) 3525
830 #0 - SERIES ADDED ENTRY--UNIFORM TITLE
Uniform title McGraw-Hill engineering reference guide series.
9 (RLIN) 25286
856 42 - ELECTRONIC LOCATION AND ACCESS
Materials specified Contributor biographical information
Uniform Resource Identifier <a href="http://www.loc.gov/catdir/bios/mh042/2003065182.html">http://www.loc.gov/catdir/bios/mh042/2003065182.html</a>
856 41 - ELECTRONIC LOCATION AND ACCESS
Materials specified Table of contents
Uniform Resource Identifier <a href="http://www.loc.gov/catdir/toc/mh041/2003065182.html">http://www.loc.gov/catdir/toc/mh041/2003065182.html</a>
906 ## - LOCAL DATA ELEMENT F, LDF (RLIN)
a 7
b cbc
c orignew
d 1
e ocip
f 20
g y-gencatlg
942 ## - ADDED ENTRY ELEMENTS (KOHA)
Source of classification or shelving scheme
Koha item type Book
Holdings
Withdrawn status Lost status Source of classification or shelving scheme Damaged status Not for loan Permanent Location Current Location Date acquired Total Checkouts Full call number Barcode Date last seen Price effective from Koha item type
          School of Civil and Environmental Engineering (SCEE) School of Civil and Environmental Engineering (SCEE) 11/06/2019   363.61061732 NIT-11936 11/06/2019 11/06/2019 Book
© 2023 Central Library, National University of Sciences and Technology. All Rights Reserved.